=LDR 00000nam 2200000 4500 =001 INLIS000000000000367 =005 20150310150233.0 =006 =007 =008 Ind =035 ##$$0010-061300000000367 =041 ##$$a Ind =082 ##$$a 907 =090 ##$$a 907 Sup-s =100 ##$$a Suparno =245 ##$$a Sejarah pendidikan dasar 9 tahun sesuai dengan kurikulum 1994 untuk kelas 1 SLTP / Suparno =260 ##$$a Surakarta $b Pabelan $c 1997 =300 ##$$a vi, 124 hlm. : ilus. ; 30 cm =650 ##$$a Sejarah =650 ##$$a Studi dan Pengajaran =850 ##$$a NBPNMAT